000 00962nam a2200265Ia 4500
003 OSt
005 20221005111058.0
006 a|||||r|||| 00| 0
007 ta
008 221004b |||||||| |||| 00| 0 hin d
020 _a8171193226 (hbk)
_c125
024 _a15774
037 _bBR6147, 23/12/2014, Rajkamal Prakashan Pvt. Ltd.
_cTextual
040 _aCRL
_cCRL
_bhin
041 _2hin
_ahin
082 _aO152,3N33,SS, N7
100 _aनौटियाल, विद्यासागर
245 0 _aसूरज सबका है
246 _aSūraj sabakā hai
260 _aनई दिल्ली
_bराधाकृष्ण भारत
_c1997
300 _a139पृ0
_ccm.
650 _aहिन्दी साहित्य
942 _hO152,3N33,SS, N7
_cTEXL
_2cc
999 _c1020741
_d1020741